Deutschland nach Buchstabe - D - Statistiken

Allgemein
  • Dieses Quiz wurde 132 mal gespielt
  • Das Durchschnittsergebnis liegt bei 14 aus 15
Antwortstatistiken
Frage Antwort % Korrekt
Wie heißt die Landeshauptstadt von Nordrhein-Westfalen? Düsseldorf
100%
Welcher Fluss entspringt in Baden-Württemberg und fließt durch Ulm und Passau? Donau
99%
Welche Währung wurde in Deutschland vor dem Euro genutzt? D-Mark
98%
Wie wird die größte Kirche in Köln, Speyer oder Aachen genannt? Dom
98%
In welcher Stadt steht Deutschlands größtes Fußballstadion? Dortmund
98%
Wie wird der bedeutendste deutsche Aktienindex abgekürzt? DAX
96%
Wessen Hauptstadt war von 1949 bis 1990 Ost-Berlin? DDR
96%
Wie heißt das größte deutsche Bahnunternehmen? Deutsche Bahn
96%
Wessen berühmteste Sehenswürdigkeiten sind Frauenkirche, Zwinger und Semperoper? Dresden
96%
Wie heißt der Dachverband der deutschen regionalen Fußballverbänden? Deutscher Fußball-Bund
90%
Als Land welcher Gruppe wird Deutschland aufgrund von Erfindern und Philosophen bezeichnet? Dichter und Denker
89%
Welche hessische Stadt heißt offiziell "Wissenschaftsstadt"? Darmstadt
85%
Was ist der Name des deutschen Nationalstaates von 1871 bis 1945, sowie Gesamtdeutschlands bis 1949? Deutsches Reich
85%
Wie heißt der größte Binnenhafen Europas? Duisburger Binnenhafen
79%
Wie heißt eines der größten, sich in München befindende, Wissenschafts- und Technikmuseum der Welt? Deutsches Museum
55%
Keine übereinstimmenden Quizze gefunden
Verteilung der Resultate
Anzahl Personen mit jedem Resultat
Perzentil nach korrekt beantworteten Fragen
Ihre Resultats-Entwicklung
Sie haben dieses Quiz noch nicht gespielt